00894 2200229 4500001002100000005001700021008004100038035002500079040001200104082001500116084002000131100001200151245021600163260005900379300003300438500008700471504002800558650003500586700001300621850001200634990001800646INLIS00000000000855720150803182614.0  a0010-071500000001240 aYOPDYOG 223a530.07 aSK 530.07 Sah P aSAHRIAH aPerbedaan prestasi belajar fisika antara yang diajar metode demonstrasi dan metode ceramah konsep getaran dan gelombang siswa kelas VIII semester genap SMP Piri 1 Yogyakarta tahun pelajaran 2005/2006c/ Siahriah aYogyakartabUniversitas Sarjanawiyata Tamansiswac2006 axiii, 49 lembar.c; 29,5 cm. aSkripsi Fakultas Keguruan dan Ilmu Pendidikan Universitas Sarjanawiyata Tamansiswa aBibliografi: hlm. 48-49 aFisika -- Studi dan Pengajaran aHIDAJATI aYOPDYOG a46971-PD/A.15